[Event "10th LCC FIDE Open 2018"]
[Site "London"]
[Date "2018.12.09"]
[Round "1"]
[White "Wadsworth, Matthew J"]
[Black "Atanasov, Anthony"]
[Result "1-0"]
[WhiteElo "2364"]
[BlackElo "1928"]
[Annotator "NA"]
[PlyCount "87"]
[EventDate "2018.12.09"]
[EventType "swiss"]
[EventCountry "ENG"]
[SourceTitle "playchess.com"]
[Source "ChessBase"]
[SourceQuality "1"]
[TimeControl "40/5400+30:1800+30"]

1. c4 {[%emt 0:00:00]} Nf6 {[%emt 0:00:00]} 2. g3 {[%emt 0:00:00]} g6 {[%emt 0:00:00]} 3. Bg2 {[%emt 0:00:00]} d5 {[%emt 0:00:00]} 4. cxd5 {[%emt 0:00:58]} Nxd5 {[%emt 0:00:10]} 5. Nc3 {[%emt 0:00:06]} Nxc3 {[%emt 0:00:30]} 6. bxc3 {[%emt 0:00:09]} c5 {[%emt 0:00:27]} 7. Nf3 {[%emt 0:00:30]} Bg7 {[%emt 0:01:21]} 8. O-O {[%emt 0:00:18]} O-O {[%emt 0:01:40]} 9. Rb1 {[%emt 0:00:12]} Nc6 {[%emt 0:08:27]} 10. Qa4 {[%emt 0:00:15]} Qc7 {[%emt 0:12:14]} 11. Qh4 {[%emt 0:03:57]} Bf5 {[%emt 0:09:59]} 12. d3 {[%emt 0:01:07]} Bxc3 {[%emt 0:05:26]} 13. g4 {[%emt 0:00:12]} Bf6 {[%emt 0:01:15]} 14. Ng5 {[%emt 0:02:37]} Bxg5 {[%emt 0:00:36]} 15. Bxg5 {[%emt 0:00:12]} Be6 {[%emt 0:03:15]} 16. Bxc6 {[%emt 0:06:10]} Qxc6 {[%emt 0:05:23]} 17. Bxe7 {[%emt 0:00:08]} Rfe8 {[%emt 0:01:10]} 18. h3 {[%emt 0:00:14]} Bxa2 {[%emt 0:03:06]} 19. Rb2 {[%emt 0:01:04]} Qe6 {[%emt 0:14:40]} 20. Bxc5 {[%emt 0:07:31]} Qe5 {[%emt 0:07:22]} 21. Ba3 {[%emt 0:02:03]} Bd5 {[%emt 0:01:03]} 22. Rc2 {[%emt 0:01:21]} Bc6 {[%emt 0:01:49]} 23. Bb2 {[%emt 0:01:17]} Qd5 {[%emt 0:06:10]} 24. f3 {[%emt 0:01:21]} Qe6 {[%emt 0:02:39]} 25. Rf2 {[%emt 0:06:40]} Qe7 {[%emt 0:05:33]} 26. Qh6 {[%emt 0:00:44]} Qf8 {[%emt 0:00:59]} 27. Qf4 {[%emt 0:00:06]} Re6 {[%emt 0:02:01]} 28. e4 {[%emt 0:01:11]} Qd6 {[%emt 0:02:07]} 29. Qh6 {[%emt 0:00:42]} Qf8 {[%emt 0:02:49]} 30. Qd2 {[%emt 0:00:01]} f6 {[%emt 0:01:29]} 31. d4 {[%emt 0:00:38]} Ba4 {[%emt 0:00:50]} 32. Rc3 {[%emt 0:01:43]} Qd6 {[%emt 0:00:27]} 33. d5 {[%emt 0:00:43]} Ree8 {[%emt 0:00:37]} 34. Qd4 {[%emt 0:00:50]} Bb5 {[%emt 0:00:45]} 35. f4 {[%emt 0:03:22]} Rec8 {[%emt 0:00:39]} 36. g5 {[%emt 0:00:57]} Qb6 {[%emt 0:00:31]} 37. Qxb6 {[%emt 0:01:14]} axb6 {[%emt 0:00:14]} 38. Rxc8+ {[%emt 0:00:06]} Rxc8 {[%emt 0:00:19]} 39. gxf6 {[%emt 0:00:01]} Bd3 {[%emt 0:00:56]} 40. e5 {[%emt 0:00:11]} Be4 {[%emt 0:00:31]} 41. Rd2 {[%emt 0:30:32]} Rc2 {[%emt 0:30:29]} 42. Rxc2 {[%emt 0:00:10]} Bxc2 {[%emt 0:00:24]} 43. e6 {[%emt 0:00:04]} b5 {[%emt 0:00:00]} 44. f7+ {[%emt 0:00:00]} 1-0

[Event "10th LCC FIDE Open 2018"]
[Site "London"]
[Date "2018.12.09"]
[Round "1"]
[White "Sowray, Peter J"]
[Black "Balaji, Aaravamudhan"]
[Result "1-0"]
[WhiteElo "2342"]
[BlackElo "1914"]
[Annotator "NA"]
[PlyCount "71"]
[EventDate "2018.12.09"]
[EventType "swiss"]
[EventCountry "ENG"]
[SourceTitle "playchess.com"]
[Source "ChessBase"]
[SourceQuality "1"]
[TimeControl "40/5400+30:1800+30"]

1. d4 {[%emt 0:00:00]} Nf6 {[%emt 0:01:51]} 2. c4 {[%emt 0:00:00]} g6 {[%emt 0:00:15]} 3. Nc3 {[%emt 0:00:00]} Bg7 {[%emt 0:00:07]} 4. e4 {[%emt 0:00:00]} d6 {[%emt 0:00:04]} 5. f3 {[%emt 0:00:02]} O-O {[%emt 0:00:06]} 6. Be3 {[%emt 0:00:05]} c5 {[%emt 0:00:27]} 7. Nge2 {[%emt 0:00:15]} Nc6 {[%emt 0:01:19]} 8. d5 {[%emt 0:00:18]} Ne5 {[%emt 0:00:57]} 9. Ng3 {[%emt 0:00:11]} h5 {[%emt 0:02:17]} 10. Be2 {[%emt 0:00:12] E81: King's Indian: Sämisch: 6th move deviations (including 6 Be3 c6)} h4 {[%emt 0:01:34]} 11. Nf1 {[%emt 0:00:10]} a6 {[%emt 0:15:23]} (11... e6 12. Bg5 exd5 13. Nxd5 h3 14. gxh3 Bxh3 15. Ng3 Qa5+ 16. b4 Qd8 17. bxc5 Qa5+ {½-½ (89) Sethuraman,S (2631)-Jones,G (2675) Dubai 2018}) 12. a4 {[%emt 0:06:25]} Bd7 {[%emt 0:03:27]} 13. h3 {[%emt 0:03:02]} b5 $146 {[%emt 0:03:26]} ({Predecessor:} 13... Qa5 14. Bd2 Be8 15. f4 Ned7 16. Nh2 e5 17. f5 Qb6 {½-½ (39) Timson,P (2506)-Pugh,J (2472) ICCF email 2014}) 14. axb5 {[%emt 0:05:18]} axb5 {[%emt 0:00:25]} 15. Rxa8 {[%emt 0:00:07]} Qxa8 {[%emt 0:00:04]} 16. cxb5 {[%emt 0:00:08]} c4 {[%emt 0:01:47]} 17. Nd2 {[%emt 0:09:35]} Nh5 {[%emt 0:18:56]} 18. O-O {[%emt 0:14:01]} Ng3 {[%emt 0:04:53]} 19. Rf2 {[%emt 0:05:44]} Nxe2+ {[%emt 0:11:41]} 20. Rxe2 {[%emt 0:01:32]} Rc8 {[%emt 0:02:36]} 21. f4 {[%emt 0:27:39]} Nd3 {[%emt 0:01:18]} 22. Nf3 {[%emt 0:00:45]} Nxb2 {[%emt 0:09:58]} 23. Rxb2 {[%emt 0:00:12]} Bxc3 {[%emt 0:00:56]} 24. Rb1 {[%emt 0:00:38]} Bf6 {[%emt 0:09:14]} 25. Nd4 {[%emt 0:03:34]} Qa3 {[%emt 0:02:27]} 26. Bf2 {[%emt 0:00:55]} Bxd4 {[%emt 0:02:52]} 27. Bxd4 {[%emt 0:03:39]} c3 $1 {[%emt 0:04:01]} 28. Qc2 {[%emt 0:00:08]} Rc4 {[%emt 0:00:55]} 29. b6 {[%emt 0:02:46]} Bc8 {[%emt 0:00:28]} 30. Be3 {[%emt 0:04:18]} Rb4 {[%emt 0:00:26]} 31. Rc1 {[%emt 0:02:00]} Rb3 {[%emt 0:00:39]} 32. Bd4 {[%emt 0:02:10]} Qb4 {[%emt 0:00:29]} (32... Ba6 $11) 33. Kh1 {[%emt 0:01:45]} Ba6 {[%emt 0:00:39]} (33... Bb7 $11 {remains equal.}) 34. Bxc3 {[%emt 0:01:42]} Qxb6 {[%emt 0:00:15] [#]} 35. Bd4 $11 {[%emt 0:00:27]} (35. f5 $1 $16) 35... Qb4 {[%emt 0:00:37]} 36. Qc8+ {[%emt 0:00:39]} 1-0

[Event "10th LCC FIDE Open 2018"]
[Site "London"]
[Date "2018.12.09"]
[Round "1"]
[White "Taylor, Adam C"]
[Black "Rizzoli, Aluna"]
[Result "1-0"]
[WhiteElo "2331"]
[BlackElo "1911"]
[Annotator "NA"]
[PlyCount "53"]
[EventDate "2018.12.09"]
[EventType "swiss"]
[EventCountry "ENG"]
[SourceTitle "playchess.com"]
[Source "ChessBase"]
[SourceQuality "1"]
[TimeControl "40/5400+30:1800+30"]

1. e4 {[%emt 0:05:24]} c5 {[%emt 0:00:09]} 2. Nf3 {[%emt 0:00:23]} Nc6 {[%emt 0:00:10]} 3. Nc3 {[%emt 0:03:04]} g6 {[%emt 0:01:04]} 4. Bc4 {[%emt 0:02:13]} Bg7 {[%emt 0:01:06]} 5. O-O {[%emt 0:01:15]} e6 {[%emt 0:02:21]} 6. d4 {[%emt 0:11:53]} Nxd4 {[%emt 0:10:46]} 7. Nxd4 {[%emt 0:00:07]} cxd4 {[%emt 0:00:18]} 8. Nb5 {[%emt 0:00:08]} Qb6 {[%emt 0:02:57]} 9. c3 {[%emt 0:06:03]} dxc3 {[%emt 0:00:51]} 10. Bf4 {[%emt 0:13:17]} c2 {[%emt 0:10:43]} 11. Qxc2 {[%emt 0:02:19]} Kf8 {[%emt 0:04:59]} 12. Nc7 {[%emt 0:10:12]} Rb8 {[%emt 0:00:02]} 13. Nxe6+ {[%emt 0:02:13]} fxe6 {[%emt 0:00:46]} 14. Bxb8 {[%emt 0:00:07]} Qxb2 15. Qd3 {[%emt 0:07:28]} Qd4 {[%emt 0:02:47]} 16. Qf3+ {[%emt 0:02:46]} Qf6 {[%emt 0:02:19]} 17. Qa3+ {[%emt 0:00:45]} Ne7 {[%emt 0:00:27]} 18. e5 {[%emt 0:02:02]} Qf4 {[%emt 0:01:17]} 19. Bd6 {[%emt 0:01:07]} Bxe5 {[%emt 0:00:21]} 20. Bxe7+ {[%emt 0:03:07]} Kf7 {[%emt 0:00:02]} 21. g3 {[%emt 0:00:08]} Qxc4 {[%emt 0:00:20]} 22. Bg5 {[%emt 0:01:38]} Re8 {[%emt 0:05:40]} 23. Rac1 {[%emt 0:02:06]} Qg4 {[%emt 0:00:33]} 24. Qe3 {[%emt 0:09:20]} Bd4 {[%emt 0:05:41]} 25. Qd2 {[%emt 0:00:05]} h6 {[%emt 0:02:18]} 26. Be3 {[%emt 0:00:25]} Bf6 {[%emt 0:02:41]} 27. Rxc8 {[%emt 0:00:29]} 1-0

[Event "10th LCC FIDE Open 2018"]
[Site "London"]
[Date "2018.12.09"]
[Round "1"]
[White "Bates, Caspar J"]
[Black "Melkumyan, Hrant"]
[Result "0-1"]
[WhiteElo "2113"]
[BlackElo "2670"]
[Annotator "TA"]
[PlyCount "70"]
[EventDate "2018.12.09"]
[EventType "swiss"]
[EventCountry "ENG"]
[SourceTitle "playchess.com"]
[Source "ChessBase"]
[SourceQuality "1"]

{[%evp 20,70,37,30,72,75,71,36,36,12,20,17,17,10,14,0,0,9,14,-67,-74,-75,78,3,0,8,0,-75,79,0,0,0,0,11,8,6,351,359,339,-41,374,-661,-643,-637,-653,-911,-855,-731,-851,-821,-835,-837,-782]} 1. c4 g6 2. g3 Bg7 3. Bg2 Nf6 4. Nc3 O-O 5. d4 d6 6. Nf3 Nbd7 7. O-O e5 8. Qc2 Re8 9. Rd1 e4 10. Ng5 {E67: King's Indian: Fianchetto: 6...Nbd7} e3 11. fxe3 {LiveBook: 6 Games} c6 $146 ({Predecessor:} 11... Qe7 12. Rf1 Nb6 13. Qd3 c6 14. e4 h6 15. c5 dxc5 16. e5 hxg5 17. Bxg5 Qd7 18. exf6 Qxd4+ 19. Qxd4 cxd4 20. fxg7 dxc3 21. bxc3 Rxe2 {1-0 (48) Koneru,H (2603)-Kamble,V (2378) Mumbai 2008}) 12. e4 {White is better.} Qe7 13. Nh3 Nb6 14. Nf2 Nxc4 15. b3 Nb6 16. Ba3 Qd8 17. e5 dxe5 18. dxe5 Nfd7 $1 19. Ng4 ({Better is} 19. Nd3 $11) 19... Qg5 $15 {[%mdl 64] Double Attack} 20. h3 {aiming for Ne4.} Rxe5 $2 (20... Nxe5 $17 {stays on course.} 21. Ne4 Bf5) 21. Ne4 (21. Nxe5 $16 Nxe5 22. Qc1 Qxc1 23. Raxc1) 21... Rxe4 $1 $11 22. Qxe4 h5 23. Qe8+ (23. Bc1 $11 Qc5+ 24. Be3) 23... Kh7 $2 {[#]} (23... Nf8 $17 {keeps the pressure on.} 24. Qe3 Qxe3+ 25. Nxe3 Bxa1 26. Rxa1 Be6) 24. Be7 (24. Qxf7 $2 hxg4 25. Bb2 Ne5 $17) (24. Nf2 $1 $16) 24... f6 $36 {[%mdl 2048] Black has some pressure.} 25. Nf2 {Black should prevent Ne4.} Qxg3 26. Rd3 Qe5 27. Rad1 f5 $2 {[%mdl 8192]} (27... Nd5 $1 $11 {and Black is okay.} 28. Rxd5 (28. Bxd5 cxd5 29. Qd8 d4 $17) 28... cxd5 29. Rxd5 {[%mdl 64] Double Attack} Qa1+ 30. Rd1 Qxa2) 28. Qf7 $18 ({But not} 28. Rd6 Nf8 $18) 28... Qxe2 {[#] ...Ne5 is the strong threat.} 29. Bf3 $2 ({White has to play} 29. Bg5 $1 $18) 29... Qe5 $2 {[%mdl 8192]} (29... Qxd1+ $1 $15 {stays ahead.} 30. Rxd1 (30. Bxd1 Ne5 $17) 30... Ne5) 30. Rd6 $4 {[%mdl 8192]} (30. h4 $18) 30... Qg3+ $19 {[%mdl 64] Double Attack. Black is clearly winning.} 31. Bg2 {Black must now prevent Ng4!} Ne5 32. Qe8 {[#]} Be6 $1 {[%mdl 512] And now ...Bd5 would win.} 33. Qxa8 (33. Rxe6 Rxe8) 33... Nxa8 34. Rxe6 Nc7 35. Red6 Nd5 {Accuracy: White = 23%, Black = 45%.} 0-1

[Event "10th LCC FIDE Open 2018"]
[Site "London"]
[Date "2018.12.09"]
[Round "1"]
[White "Englisch, Colya"]
[Black "Cornette, Matthieu"]
[Result "1/2-1/2"]
[WhiteElo "2105"]
[BlackElo "2597"]
[Annotator "TA"]
[PlyCount "74"]
[EventDate "2018.12.09"]
[EventType "swiss"]
[EventCountry "ENG"]
[SourceTitle "playchess.com"]
[Source "ChessBase"]
[SourceQuality "1"]

{[%evp 17,74,12,6,0,19,14,18,16,16,0,6,8,14,12,9,-8,-13,-29,-16,-11,0,-11,0,-3,-4,-13,0,0,0,0,10,0,0,0,0,0,16,33,24,16,13,10,18,0,0,0,0,0,0,0,0,0,0,0,0,0,0,0,0]} 1. Nf3 Nf6 2. g3 b6 3. Bg2 Bb7 4. d4 g6 5. O-O Bg7 6. c4 O-O 7. Nc3 Ne4 8. Bd2 {A50: Queen's Fianchetto Defence (1 d4 Nf6 2 c4 b6)} e6 9. Rc1 d6 {LiveBook: 10 Games} 10. Ne1 $146 {[%cal Bf3e1,Be1g2,Bg2f4][%mdl 32]} (10. h4 {seems wilder.} Nd7 11. Nxe4 Bxe4 12. Bg5 Qe8 13. Qd2) ({Predecessor:} 10. d5 Nxc3 11. Bxc3 e5 12. b4 Nd7 13. Ne1 f5 14. Nd3 Qe7 15. Qd2 {0-1 (37) Malakhov,V (2694)-Mozharov,M (2573) Moscow 2015}) 10... Nxc3 11. Bxc3 Bxg2 12. Nxg2 d5 13. Qb3 a5 14. cxd5 exd5 15. Nf4 c6 {[%cal Bc7c6,Bc6c5][%mdl 32]} 16. e4 dxe4 17. d5 {[#] And now dxc6 would win.} Bxc3 18. Rxc3 c5 19. Re1 Qd6 20. Rxe4 Nd7 21. h4 h6 22. Rc1 Nf6 23. Re2 Rad8 24. Rd1 Rfe8 25. Rde1 Rxe2 26. Rxe2 Re8 ({Not} 26... Nxd5 $2 27. Rd2 $18) (26... a4 {is more complex.} 27. Qf3 Qf8 28. Rd2 b5 29. h5 g5) 27. Rxe8+ Nxe8 28. Ng2 Nf6 {The position is equal.} 29. Ne3 h5 30. Nc4 Qxd5 {Threatens to win with ...Ng4.} 31. Nxb6 Qe4 32. Qc3 $36 {[%mdl 2048] White is more active.} Qb1+ 33. Kg2 Ne4 34. Qe5 Qc2 35. Qe8+ Kg7 36. Qe5+ Kg8 37. Qe8+ Kg7 {Accuracy: White = 44%, Black = 53%.} 1/2-1/2

[Event "10th LCC FIDE Open 2018"]
[Site "London"]
[Date "2018.12.09"]
[Round "1"]
[White "Lopez Gomez, Jose Pablo"]
[Black "Yuffa, Daniil"]
[Result "0-1"]
[WhiteElo "2094"]
[BlackElo "2572"]
[Annotator "TA"]
[PlyCount "78"]
[EventDate "2018.12.09"]
[EventType "swiss"]
[EventCountry "ENG"]
[SourceTitle "playchess.com"]
[Source "ChessBase"]
[SourceQuality "1"]

{[%evp 23,78,-132,-129,-139,-125,-185,-189,-204,-188,-202,-200,-194,-211,-216,-212,-202,-205,-222,-216,-283,-277,-275,-277,-309,-291,-348,-337,-360,-358,-372,-379,-372,-356,-370,-358,-471,-464,-483,-478,-482,-466,-605,-543,-543,-537,-634,-597,-552,-451,-681,-691,-691,-689,-682,-664,-640,-623]} 1. e4 c6 2. d4 d5 3. e5 Bf5 4. Ne2 e6 5. Ng3 Bg6 6. h4 h5 7. Be2 c5 8. c3 Nc6 9. Be3 Qb6 {B12: Caro-Kann: Advance Variation} 10. Qb3 (10. b3 cxd4 11. Bxd4 Nxd4 12. cxd4 Ne7 13. Bd3 Rc8 14. O-O Bxd3 15. Qxd3 Nc6 16. Rc1 Be7 17. Ne2 Bxh4 {0-1 (45) Krnic,I (2169)-Kovacevic,B (2473) Bol 2015}) 10... c4 11. Qxb6 axb6 12. Nd2 {[#]} b5 $1 {LiveBook: 3 Games} 13. O-O b4 $146 ({Predecessor:} 13... Be7 14. Nf3 Nh6 15. a3 f6 16. exf6 gxf6 17. Nh2 Nf5 18. Nxf5 Bxf5 19. Nf3 Kd7 20. Kh2 Bd6+ 21. g3 Na5 22. Rad1 Rag8 23. Ne1 Rg7 24. Ng2 {½-½ (24) Shephard,C-Hillyard,G Brighton/ East Sussex 1977}) 14. Rfc1 (14. a4 $17 {was necessary.}) 14... bxc3 $19 15. bxc3 Ba3 16. Rcb1 Bxb1 17. Rxb1 Nd8 18. Nxh5 g6 19. Nf4 Rxh4 20. g3 Rh8 21. Nxc4 dxc4 22. Bxc4 Ne7 23. Bb5+ Kf8 24. Ne2 Nd5 25. Bd2 Be7 26. a4 Nc6 27. c4 Ndb4 28. Bc3 Kg7 29. d5 exd5 {Black is clearly winning.} 30. e6+ d4 31. Nxd4 Bf6 32. e7 Nxd4 33. Bxd4 Bxd4 34. e8=Q Rhxe8 35. Bxe8 Nd3 36. Rd1 (36. Bb5 $142) 36... Bxf2+ 37. Kg2 Rxe8 38. Rxd3 Bc5 39. Rd5 Rc8 {Accuracy: White = 11%, Black = 92%.} 0-1

[Event "10th LCC FIDE Open 2018"]
[Site "London"]
[Date "2018.12.09"]
[Round "1"]
[White "Seymour, Timothy P"]
[Black "Pert, Nicholas"]
[Result "0-1"]
[WhiteElo "2080"]
[BlackElo "2546"]
[Annotator "TA"]
[PlyCount "84"]
[EventDate "2018.12.09"]
[EventType "swiss"]
[EventCountry "ENG"]
[SourceTitle "playchess.com"]
[Source "ChessBase"]
[SourceQuality "1"]

{[%evp 16,84,0,0,0,0,0,0,0,0,0,15,14,0,-9,-16,0,-27,-23,-26,-14,-36,-51,-37,-30,-42,-46,-43,-36,-34,-23,-36,-24,-90,-92,-86,-79,-137,-131,-136,-137,-137,-138,-131,-104,-97,-101,-135,-133,-136,-126,-123,-128,-131,-133,-131,-98,-99,-70,-101,-90,-100,-91,-221,-219,-540,-542,-541,-540,-526,-522]} 1. Nf3 d5 2. e3 c5 3. d4 Nf6 4. c4 cxd4 5. exd4 g6 6. cxd5 {B13: Caro-Kann: Exchange Variation and Panov-Botvinnik Attack} Nxd5 7. Qb3 (7. Nc3 Bg7 8. Qb3 Nxc3 9. bxc3 O-O 10. h4 Nc6 11. Ba3 Be6 12. Qxb7 Bd5 13. Qa6 Qc7 14. Bc5 e5 15. Bc4 Bxf3 16. gxf3 exd4 17. Bxf8 Rxf8 {0-1 (34) Nakamura,H (2787)-Giri,A (2782) Leuven 2016}) 7... Bg7 8. Bc4 e6 9. Bg5 {LiveBook: 6 Games} Qd6 10. Bxd5 Qxd5 11. Qa3 {[%csl Gg5][%cal Ra3e7]} Qe4+ 12. Be3 Qc6 13. O-O $146 {Black must now prevent Rc1.} ({Predecessor:} 13. Nc3) 13... Qa6 14. Rc1 Qxa3 15. Nxa3 {[%cal Bb1a3,Ba3c4,Bc4d6][%mdl 32]} Nc6 16. Nc4 O-O {[%cal Be8g8,Bg8f8,Bf8e7][%mdl 32]} 17. Nfe5 Nb4 18. Nd6 f6 19. Nec4 Rd8 20. a3 Nd5 21. Rc2 Kf8 22. Rac1 Ke7 23. Kf1 b6 24. b4 (24. Nxc8+ $11 {keeps the balance.} Raxc8 25. Bd2) 24... Bd7 $1 $17 {[%cal Rd7a4]} 25. b5 a6 $36 {[%mdl 2048] Black is in control.} 26. Rb2 ({Better is} 26. a4) 26... axb5 27. Nxb5 Rdc8 $1 {Threatens to win with ...Ra4.} 28. Bd2 Ra4 29. Ne3 Rxc1+ 30. Bxc1 Nxe3+ 31. fxe3 Ra5 $1 {[%cal Ra5b5]} 32. Nc3 Rxa3 33. Bd2 Ra6 34. e4 Kd8 35. Ke2 Bf8 36. Bf4 g5 37. Bg3 h5 38. h4 Ra3 39. Kd2 {[#]} (39. Be1 $17 {was the only defense.}) 39... b5 $1 $19 {[%cal Bb6b5,Bb5b4][%mdl 544]} 40. e5 $2 {[#]} (40. Be1 {is more resistant.}) (40. Nxb5 Rxg3) 40... b4 $1 {[%cal Rb4c3] Black is clearly winning.} 41. Ne2 Bb5 42. Bf2 Bh6 {Accuracy: White = 61%, Black = 73%.} 0-1

[Event "10th LCC FIDE Open 2018"]
[Site "London"]
[Date "2018.12.09"]
[Round "1"]
[White "Jyothilal, Narayanan"]
[Black "Turner, Matthew J"]
[Result "0-1"]
[WhiteElo "2078"]
[BlackElo "2533"]
[Annotator "TA"]
[PlyCount "98"]
[EventDate "2018.12.09"]
[EventType "swiss"]
[EventCountry "ENG"]
[SourceTitle "playchess.com"]
[Source "ChessBase"]
[SourceQuality "1"]

{[%evp 25,98,31,30,-6,-6,-32,-33,-34,-24,-43,-47,-60,-65,-64,-60,-57,-53,-75,-80,-107,-97,-103,-95,-124,-113,-143,-139,-189,-185,-185,-122,-125,-121,-135,-147,-159,-148,-155,-146,-162,-157,-171,-173,-158,-170,-158,-145,-143,-142,-407,-367,-393,-383,-511,-495,-474,-462,-460,-412,-591,-574,-4833,-458,-2605,-455,-455,-455,-29971,-29973,-29973,-29974,-11021,-6622,-29980,-29981]} 1. d4 Nf6 2. c4 e6 3. g3 Be7 4. Bg2 d5 5. Nf3 O-O 6. O-O dxc4 7. Ne5 Nc6 8. Bxc6 bxc6 9. Nxc6 Qe8 10. Nxe7+ Qxe7 11. Qa4 e5 12. dxe5 {E05: Open Catalan: 5 Nf3 Be7} Qxe5 13. Nc3 Qe6 {[#] LiveBook: 5 Games} (13... Ne4 14. Qxc4 Nxc3 15. bxc3 Be6 16. Bf4 Bxc4 17. Bxe5 c6 18. Rfe1 Rfe8 19. Bd4 Bxe2 {½-½ (28) Meier,G (2628)-Giri,A (2782) Dortmund 2018}) 14. Bg5 $146 {White has an edge.} ({Predecessor:} 14. Qa5 Ne4 15. Qd5 Nxc3 16. Qxe6 Bxe6 17. bxc3 Rab8 18. Rd1 f6 19. f3 h5 {1-0 (48) Lagno,K (2537)-Hou,Y (2617) Jermuk 2012}) 14... Ne4 15. Nxe4 Qxe4 16. f3 Qd4+ 17. Rf2 Qxb2 18. Rc1 Be6 $1 19. e4 Qb6 20. Qa3 Qc6 21. Qa5 f5 22. e5 Rfb8 23. Qc3 h6 24. Be7 Qd7 25. Ba3 Rd8 26. Bb2 Qa4 27. Qa3 Qxa3 ({Better is} 27... Qb5 $19 28. Bc3 Rd5) 28. Bxa3 $17 Rab8 29. Bb2 Rd3 30. Bc3 Bd5 31. f4 Kf7 32. Re2 Ke6 33. Kf2 g5 34. Re3 gxf4 35. gxf4 {[#]} Rg8 $1 {[%cal Rg8g2] Strongly threatening ...Rg2+.} 36. Rxd3 cxd3 {[%mdl 4096] Endgame KRB-KRB} 37. Bd2 $2 {[%mdl 8192]} (37. Rg1 $17 {might work better.} Rxg1 38. Kxg1) 37... Rg2+ $19 38. Ke1 Bxa2 39. Rxc7 Bb3 40. Bb4 Rxh2 41. Rxa7 Kd5 42. Ra6 (42. Rd7+ $142 Ke4 43. Rd6) 42... Kc4 43. Ba5 Re2+ 44. Kf1 d2 (44... Ra2 $142 45. Ra7 Kb5) 45. Bxd2 Rxd2 46. Rxh6 {[#]} (46. e6 $19 Rd4 47. Kg2) 46... Kd4 47. e6 Bc4+ 48. Kg1 Re2 49. Rf6 Bxe6 {Accuracy: White = 30%, Black = 90%.} 0-1

[Event "10th LCC FIDE Open 2018"]
[Site "London"]
[Date "2018.12.09"]
[Round "1"]
[White "Jyothilal, N.."]
[Black "Turner, Matthew J"]
[Result "0-1"]
[WhiteElo "2078"]
[BlackElo "2533"]
[Annotator "TA"]
[PlyCount "98"]
[EventDate "2018.12.09"]
[EventType "swiss"]
[EventCountry "ENG"]
[SourceTitle "playchess.com"]
[Source "ChessBase"]
[SourceQuality "1"]

{[%evp 25,98,6,35,0,-2,-31,-25,-41,-27,-58,-55,-70,-69,-70,-70,-70,-73,-84,-80,-108,-93,-90,-91,-126,-109,-138,-138,-177,-180,-163,-134,-132,-133,-145,-145,-143,-143,-138,-130,-131,-131,-131,-135,-144,-144,-145,-139,-133,-136,-309,-304,-276,-291,-312,-414,-414,-414,-393,-395,-414,-414,-1249,-407,-1100,-400,-392,-385,-6562,-5949,-5294,-5283,-1627,-1603,-29980,-29981]} 1. d4 Nf6 2. c4 e6 3. g3 Be7 4. Bg2 d5 5. Nf3 O-O 6. O-O dxc4 7. Ne5 Nc6 8. Bxc6 bxc6 9. Nxc6 Qe8 10. Nxe7+ Qxe7 11. Qa4 e5 12. dxe5 {E05: Open Catalan: 5 Nf3 Be7} Qxe5 13. Nc3 Qe6 {LiveBook: 5 Games} (13... Ne4 14. Qxc4 Nxc3 15. bxc3 Be6 16. Bf4 Bxc4 17. Bxe5 c6 18. Rfe1 Rfe8 19. Bd4 Bxe2 {½-½ (28) Meier,G (2628)-Giri,A (2782) Dortmund 2018}) 14. Bg5 $146 {White is slightly better.} ({Predecessor:} 14. Rd1 Ne4 15. Nd5 Bb7 16. Nf4 Qf5 17. Qd7 Qxd7 18. Rxd7 Rfd8 19. Rxc7 Rd1+ {½-½ (57) Munizaba,S (2426)-Djordjevic,V (2404) Valjevo 2018}) 14... Ne4 15. Nxe4 Qxe4 16. f3 Qd4+ 17. Rf2 Qxb2 18. Rc1 Be6 $1 19. e4 Qb6 20. Qa3 Qc6 21. Qa5 f5 22. e5 Rfb8 23. Qc3 h6 24. Be7 Qd7 25. Ba3 {[#]} Rd8 $1 26. Bb2 Qa4 27. Qa3 Qxa3 28. Bxa3 Rab8 29. Bb2 Rd3 30. Bc3 Bd5 31. f4 Kf7 32. Re2 Ke6 33. Kf2 g5 {...gxf4 is the strong threat.} 34. Re3 gxf4 35. gxf4 Rg8 36. Rxd3 cxd3 $17 {[%mdl 4096] Endgame KRB-KRB} 37. Bd2 $2 (37. Rf1 $17 {was worth a try.}) 37... Rg2+ $19 38. Ke1 Bxa2 {[#] And now ...Re2+ would win.} 39. Rxc7 Bb3 {Hoping for ...Re2+.} ({Much less strong is} 39... Rxh2 40. Kd1 $19) 40. Bb4 Rxh2 41. Rxa7 Kd5 42. Ra6 Kc4 43. Ba5 (43. Rb6 $142) 43... Re2+ 44. Kf1 d2 (44... Ra2 $142 45. Rc6+ Kb5) 45. Bxd2 Rxd2 46. Rxh6 $2 (46. e6 Rd4 47. Kg2) 46... Kd4 47. e6 Bc4+ 48. Kg1 Re2 49. Rf6 Bxe6 {Precision: White = 45%, Black = 87%.} 0-1